<?xml version="1.0" encoding="UTF-8"?>
<record
    xmlns:xsi="http://www.w3.org/2001/XMLSchema-instance"
    xsi:schemaLocation="http://www.loc.gov/MARC21/slim http://www.loc.gov/standards/marcxml/schema/MARC21slim.xsd"
    xmlns="http://www.loc.gov/MARC21/slim">

  <leader>06704nam a2200877 i 4500</leader>
  <controlfield tag="001">59455</controlfield>
  <controlfield tag="003">FINmELB</controlfield>
  <controlfield tag="005">20241216233108.0</controlfield>
  <controlfield tag="006">m     o  d |      </controlfield>
  <controlfield tag="007">cr cnu||||||||</controlfield>
  <controlfield tag="008">241008s2023    ck a   gob    000 0 spa d</controlfield>
  <datafield tag="020" ind1=" " ind2=" ">
    <subfield code="a">9789587637106</subfield>
    <subfield code="q">(digital)</subfield>
  </datafield>
  <datafield tag="035" ind1=" " ind2=" ">
    <subfield code="a">(OCoLC)1463443633</subfield>
  </datafield>
  <datafield tag="040" ind1=" " ind2=" ">
    <subfield code="a">FINmELB</subfield>
    <subfield code="b">spa</subfield>
    <subfield code="e">rda</subfield>
    <subfield code="c">FINmELB</subfield>
  </datafield>
  <datafield tag="041" ind1="0" ind2=" ">
    <subfield code="a">spa</subfield>
  </datafield>
  <datafield tag="050" ind1=" " ind2="4">
    <subfield code="a">LC1091</subfield>
    <subfield code="b">.A674 2023</subfield>
  </datafield>
  <datafield tag="080" ind1=" " ind2=" ">
    <subfield code="a">378</subfield>
  </datafield>
  <datafield tag="082" ind1="0" ind2="4">
    <subfield code="a">378.015</subfield>
    <subfield code="2">23</subfield>
  </datafield>
  <datafield tag="245" ind1="0" ind2="3">
    <subfield code="a">El aprendizaje con los territorios, una oportunidad para transformar comunidades :</subfield>
    <subfield code="b">sistematizaci&#xF3;n de experiencias desde la proyecci&#xF3;n social /</subfield>
    <subfield code="c">Margarita Rosa P&#xE9;rez Carvajal, Andersson Hernando Lizarazo Guerrero, Carlos Fernando Cardona Colmenares [y otros 28] ; editoras y autoras Claudia Andrea Betancur Rojas, Gina Constanza M&#xE9;ndez Cucaita ; Pr&#xF3;logo: Sara Victoria Alvarado.</subfield>
  </datafield>
  <datafield tag="250" ind1=" " ind2=" ">
    <subfield code="a">Primera.</subfield>
  </datafield>
  <datafield tag="264" ind1=" " ind2="1">
    <subfield code="a">Bogot&#xE1; :</subfield>
    <subfield code="b">Fundaci&#xF3;n Centro Internacional de Educaci&#xF3;n y Desarrollo Humano - CINDE :</subfield>
    <subfield code="b">Corporaci&#xF3;n Universitaria Minuto de Dios - UNIMINUTO,</subfield>
    <subfield code="c">2023.</subfield>
  </datafield>
  <datafield tag="300" ind1=" " ind2=" ">
    <subfield code="a">1 recurso en l&#xED;nea :</subfield>
    <subfield code="b">ilustraciones, tablas y fotograf&#xED;as</subfield>
  </datafield>
  <datafield tag="336" ind1=" " ind2=" ">
    <subfield code="a">texto</subfield>
    <subfield code="b">txt</subfield>
    <subfield code="2">rdacontent/spa</subfield>
  </datafield>
  <datafield tag="337" ind1=" " ind2=" ">
    <subfield code="a">computadora</subfield>
    <subfield code="b">c</subfield>
    <subfield code="2">rdamedia/spa</subfield>
  </datafield>
  <datafield tag="338" ind1=" " ind2=" ">
    <subfield code="a">recurso en l&#xED;nea</subfield>
    <subfield code="b">cr</subfield>
    <subfield code="2">rdacarrier/spa</subfield>
  </datafield>
  <datafield tag="490" ind1="1" ind2=" ">
    <subfield code="a">Colecci&#xF3;n Uniminuto</subfield>
  </datafield>
  <datafield tag="504" ind1=" " ind2=" ">
    <subfield code="a">Incluye referencias bibliogr&#xE1;ficas en cada cap&#xED;tulo.</subfield>
  </datafield>
  <datafield tag="505" ind1="0" ind2=" ">
    <subfield code="a">Cap&#xED;tulo 1. Universidad y organizaciones populares: ciudadan&#xED;a y territorio como propuesta de articulaci&#xF3;n -- Cap&#xED;tulo 2. Hacia el encuentro de nuevos aprendizajes desde las experiencias con estudiantes, comunidad y docentes en el proyecto social de formaci&#xF3;n &#x201C;Hilando actos de paz y convivencia&#x201D;-- Cap&#xED;tulo 3. Generando puentes entre actores del Catatumbo para construir paz desde los territorios -- Cap&#xED;tulo 4. Academia y territorio: tensiones y di&#xE1;logos. Sistematizaci&#xF3;n de la experiencia de la pr&#xE1;ctica profesional de estudiantes de Trabajo Social en el barrio Potos&#xED; (2013-2022) -- Cap&#xED;tulo 5. Hospital verde, una experiencia TiNi -- Cap&#xED;tulo 6. &#x201C;Parados en la raya&#x201D;. Huerto urbano comunitario, una apuesta para personas habituadas a la calle -- Cap&#xED;tulo 7. Significaci&#xF3;n social de las experiencias con adultos mayores -- Cap&#xED;tulo 8. El buen vivir, una construcci&#xF3;n desde el di&#xE1;logo y la participaci&#xF3;n activa de las personas mayores -- Cap&#xED;tulo 9. Alfabetizaci&#xF3;n digital para adultos mayores: un gran reto para la inclusi&#xF3;n social -- Cap&#xED;tulo 10. Explorando la transformaci&#xF3;n del esp&#xED;ritu a trav&#xE9;s de la experiencia &#x201C;Coraz&#xF3;n valiente y emprendedor&#x201D;: una sistematizaci&#xF3;n en el barrio Ciudad Bonita -- Cap&#xED;tulo 11. Letras que promueven sue&#xF1;os de libertad: pr&#xE1;cticas de lectura y escritura en un centro penitenciario del Huila -- Cap&#xED;tulo 12. Actividades Extracurriculares: un acercamiento a la realidad social desde la construcci&#xF3;n &#xE9;tico-pol&#xED;tica y misional -- Cap&#xED;tulo 13. Club de Aprendizaje para la formaci&#xF3;n de ciudadan&#xED;a cr&#xED;tica de ni&#xF1;as, ni&#xF1;os y j&#xF3;venes de Villavicencio -- Cap&#xED;tulo 14. &#x201C;Aula M&#xF3;vil&#x201D;: un espacio no convencional de formaci&#xF3;n para educadoras y educadores infantiles -- Cap&#xED;tulo 15. Educaci&#xF3;n Superior en prisi&#xF3;n: derribando muros y llenando la c&#xE1;rcel de color -- Cap&#xED;tulo 16. Migrantes en Bogot&#xE1;: una historia de desarraigo e inclusi&#xF3;n.</subfield>
  </datafield>
  <datafield tag="520" ind1=" " ind2=" ">
    <subfield code="a">El presente libro es un reconocimiento que se hace al ejercicio elaborado por cada uno y una de los investigadores que hacen parte de la construcci&#xF3;n del presente tomo, que da cuenta de la sistematizaci&#xF3;n de las experiencias de pr&#xE1;cticas de proyecci&#xF3;n social, con las que la Corporaci&#xF3;n Universitaria Minuto de Dios (UNIMINUTO) promueve espacios de apropiaci&#xF3;n del conocimiento; pues cada escena rio de actuaci&#xF3;n institucional constituye a su vez una acci&#xF3;n pedag&#xF3;gica que permite enriquecer los di&#xE1;logos entre las investigaci&#xF3;n, la docencia y las comunidades, en aras de la transformaci&#xF3;n social requerida al interior de estas.</subfield>
  </datafield>
  <datafield tag="588" ind1=" " ind2=" ">
    <subfield code="a">Descripci&#xF3;n basada en metadatos suministrados por el editor y otras fuentes.</subfield>
  </datafield>
  <datafield tag="590" ind1=" " ind2=" ">
    <subfield code="a">Recurso electr&#xF3;nico. Santa Fe, Arg.: elibro, 2024. Disponible v&#xED;a World Wide Web. El acceso puede estar limitado para las bibliotecas afiliadas a elibro.</subfield>
  </datafield>
  <datafield tag="610" ind1="2" ind2="4">
    <subfield code="a">Corporaci&#xF3;n Universitaria Minuto de Dios - UNIMINUTO</subfield>
    <subfield code="x">Estudio de casos.</subfield>
  </datafield>
  <datafield tag="650" ind1=" " ind2="4">
    <subfield code="a">Educaci&#xF3;n superior</subfield>
    <subfield code="x">Aspectos sociales</subfield>
    <subfield code="z">Colombia.</subfield>
  </datafield>
  <datafield tag="650" ind1=" " ind2="4">
    <subfield code="a">Responsabilidad social</subfield>
    <subfield code="z">Colombia.</subfield>
  </datafield>
  <datafield tag="650" ind1=" " ind2="4">
    <subfield code="a">Universidades</subfield>
    <subfield code="x">Aspectos sociales.</subfield>
  </datafield>
  <datafield tag="650" ind1=" " ind2="4">
    <subfield code="a">Trabajo social</subfield>
    <subfield code="x">Pr&#xE1;ctica profesional.</subfield>
  </datafield>
  <datafield tag="650" ind1=" " ind2="4">
    <subfield code="a">Educaci&#xF3;n</subfield>
    <subfield code="x">Investigaciones.</subfield>
  </datafield>
  <datafield tag="655" ind1=" " ind2="4">
    <subfield code="a">Libros electr&#xF3;nicos.</subfield>
  </datafield>
  <datafield tag="700" ind1="1" ind2=" ">
    <subfield code="a">P&#xE9;rez Carvajal, Margarita Rosa,</subfield>
    <subfield code="e">autor.</subfield>
  </datafield>
  <datafield tag="700" ind1="1" ind2=" ">
    <subfield code="a">Lizarazo Guerrero, Andersson Hernando,</subfield>
    <subfield code="e">autor.</subfield>
  </datafield>
  <datafield tag="700" ind1="1" ind2=" ">
    <subfield code="a">Cardona Colmenares, Carlos Fernando,</subfield>
    <subfield code="e">autor.</subfield>
  </datafield>
  <datafield tag="700" ind1="1" ind2=" ">
    <subfield code="a">Benavides Clavijo, Claudia Marcela,</subfield>
    <subfield code="e">autor.</subfield>
  </datafield>
  <datafield tag="700" ind1="1" ind2=" ">
    <subfield code="a">S&#xE1;nchez Vera, Jehimy Johana,</subfield>
    <subfield code="e">autor.</subfield>
  </datafield>
  <datafield tag="700" ind1="1" ind2=" ">
    <subfield code="a">Rojas Peralta, Marcela,</subfield>
    <subfield code="e">autor.</subfield>
  </datafield>
  <datafield tag="700" ind1="1" ind2=" ">
    <subfield code="a">Chamucero Murcia, Mar&#xED;a Cristina,</subfield>
    <subfield code="e">autor.</subfield>
  </datafield>
  <datafield tag="700" ind1="1" ind2=" ">
    <subfield code="a">Diaz Arias, Juan Camilo,</subfield>
    <subfield code="e">autor.</subfield>
  </datafield>
  <datafield tag="700" ind1="1" ind2=" ">
    <subfield code="a">Villarraga Casta&#xF1;eda, Santiago Enrique,</subfield>
    <subfield code="e">autor.</subfield>
  </datafield>
  <datafield tag="700" ind1="1" ind2=" ">
    <subfield code="a">S&#xE1;nchez Londo&#xF1;o, N&#xE9;stor Daniel,</subfield>
    <subfield code="e">autor.</subfield>
  </datafield>
  <datafield tag="700" ind1="1" ind2=" ">
    <subfield code="a">Latorre S&#xE1;nchez, Mar&#xED;a Victoria,</subfield>
    <subfield code="e">autor.</subfield>
  </datafield>
  <datafield tag="700" ind1="1" ind2=" ">
    <subfield code="a">Cardona Piedrahita, Olga Liliana,</subfield>
    <subfield code="e">autor.</subfield>
  </datafield>
  <datafield tag="700" ind1="1" ind2=" ">
    <subfield code="a">Mej&#xED;a Madero, Bibiana Andrea,</subfield>
    <subfield code="e">autor.</subfield>
  </datafield>
  <datafield tag="700" ind1="1" ind2=" ">
    <subfield code="a">Bresci Far&#xED;as, Ayda Marlenny,</subfield>
    <subfield code="e">autor.</subfield>
  </datafield>
  <datafield tag="700" ind1="1" ind2=" ">
    <subfield code="a">Calder&#xF3;n Hern&#xE1;ndez, Esteban,</subfield>
    <subfield code="e">autor.</subfield>
  </datafield>
  <datafield tag="700" ind1="1" ind2=" ">
    <subfield code="a">Badiel Bedoya, Martha Cecilia,</subfield>
    <subfield code="e">autor.</subfield>
  </datafield>
  <datafield tag="700" ind1="1" ind2=" ">
    <subfield code="a">Torres Pach&#xF3;n, Cristhian Jhoan,</subfield>
    <subfield code="e">autor.</subfield>
  </datafield>
  <datafield tag="700" ind1="1" ind2=" ">
    <subfield code="a">Robayo Nore&#xF1;a, Sandra Milena,</subfield>
    <subfield code="e">autor.</subfield>
  </datafield>
  <datafield tag="700" ind1="1" ind2=" ">
    <subfield code="a">Campo, Mauro Maury,</subfield>
    <subfield code="e">autor.</subfield>
  </datafield>
  <datafield tag="700" ind1="1" ind2=" ">
    <subfield code="a">Savid Aguja, Carlos Augusto,</subfield>
    <subfield code="e">autor.</subfield>
  </datafield>
  <datafield tag="700" ind1="1" ind2=" ">
    <subfield code="a">Duran Criado, Margit Norbelly,</subfield>
    <subfield code="e">autor.</subfield>
  </datafield>
  <datafield tag="700" ind1="1" ind2=" ">
    <subfield code="a">Cleves Suaza, Gina Patricia,</subfield>
    <subfield code="e">autor.</subfield>
  </datafield>
  <datafield tag="700" ind1="1" ind2=" ">
    <subfield code="a">Cardona S&#xE1;nchez, Fernando,</subfield>
    <subfield code="e">autor.</subfield>
  </datafield>
  <datafield tag="700" ind1="1" ind2=" ">
    <subfield code="a">&#xC1;lvarez, Natalia Helena,</subfield>
    <subfield code="e">autor.</subfield>
  </datafield>
  <datafield tag="700" ind1="1" ind2=" ">
    <subfield code="a">Guti&#xE9;rrez Henao, Yarledy,</subfield>
    <subfield code="e">autor.</subfield>
  </datafield>
  <datafield tag="700" ind1="1" ind2=" ">
    <subfield code="a">Mart&#xED;nez D&#xED;az, Katerine del Pilar,</subfield>
    <subfield code="e">autor.</subfield>
  </datafield>
  <datafield tag="700" ind1="1" ind2=" ">
    <subfield code="a">Ahumada Escobar, Paola Andrea,</subfield>
    <subfield code="e">autor.</subfield>
  </datafield>
  <datafield tag="700" ind1="1" ind2=" ">
    <subfield code="a">Cuberos Obando, Laura Eunice,</subfield>
    <subfield code="e">autor.</subfield>
  </datafield>
  <datafield tag="700" ind1="1" ind2=" ">
    <subfield code="a">Guti&#xE9;rrez Rodr&#xED;guez, Maureen Jennifer,</subfield>
    <subfield code="e">autor.</subfield>
  </datafield>
  <datafield tag="700" ind1="1" ind2=" ">
    <subfield code="a">S&#xE1;nchez Vanegas, Leonardo Alfonso,</subfield>
    <subfield code="e">autor.</subfield>
  </datafield>
  <datafield tag="700" ind1="1" ind2=" ">
    <subfield code="a">Navia Saldarriaga, Andrea Carolina,</subfield>
    <subfield code="e">autor.</subfield>
  </datafield>
  <datafield tag="700" ind1="1" ind2=" ">
    <subfield code="a">Betancur Rojas, Claudia Andrea,</subfield>
    <subfield code="e">editor y autor.</subfield>
  </datafield>
  <datafield tag="700" ind1="1" ind2=" ">
    <subfield code="a">M&#xE9;ndez Cucaita, Gina Constanza,</subfield>
    <subfield code="e">editor y autor.</subfield>
  </datafield>
  <datafield tag="700" ind1="1" ind2=" ">
    <subfield code="a">Alvarado, Dra. Sara Victoria,</subfield>
    <subfield code="e">prologuista.</subfield>
  </datafield>
  <datafield tag="797" ind1="2" ind2=" ">
    <subfield code="a">elibro, Corp.</subfield>
  </datafield>
  <datafield tag="830" ind1=" " ind2="0">
    <subfield code="a">Colecci&#xF3;n Uniminuto.</subfield>
  </datafield>
  <datafield tag="856" ind1="4" ind2="0">
    <subfield code="u">https://elibro.net/ereader/politecnicointernacional/274558</subfield>
  </datafield>
  <datafield tag="999" ind1=" " ind2=" ">
    <subfield code="c">59455</subfield>
    <subfield code="d">59455</subfield>
  </datafield>
</record>
